LEADER 00934nam--2200361---450- 001 990003486770203316 005 20110120115901.0 010 $a84-85859-64-2 035 $a000348677 035 $aUSA01000348677 035 $a(ALEPH)000348677USA01 035 $a000348677 100 $a20110120d1983----km-y0itay50------ba 101 $aspa 102 $aES 105 $a||||||||001yy 200 1 $aModernismo$fRafael Gutierrez Girardot 210 $aBarcelona$cMontesinos$d1983 215 $a197 p.$d20 cm 410 0$12001 454 1$12001 461 1$1001-------$12001 606 0 $aLetteratura ispano-americana$2BNCF 676 $a860 700 1$aGUTIÉRREZ GIRARDOT,$bRafael$0173975 801 0$aIT$bsalbc$gISBD 912 $a990003486770203316 951 $aII.5.C.4$b609 DSLL 959 $aBK 969 $aDSLL 979 $aDSLL$b90$c20110120$lUSA01$h1159 996 $aModernismo$91110754 997 $aUNISA LEADER 01809nam0 2200445 i 450 001 TO00588668 005 20251003044406.0 010 $a8815062025 020 $aIT$b98-5028 100 $a20001121d1997 ||||0itac50 ba 101 | $aita 102 $ait 181 1$6z01$ai $bxxxe 182 1$6z01$ay 200 1 $aEconomia per la gestione d'impresa$fGiovanni Zanetti 205 $aNuova ed 210 $aBologna$cIl mulino$d1997 215 $a438 p.$d24 cm 225 | $aStrumenti$i. Economia 300 $aPubbl. precedentemente con il tit.: Economia dell'impresa. 410 0$1001CFI0011208$12001 $aStrumenti$i. Economia 606 $aAziende$xEconomia$2FIR$3CFIC009303$9E 676 $a338$9PRODUZIONE$v14 676 $a338$9PRODUZIONE$v23 676 $a338.5$9ECONOMIA GENERALE DELLA PRODUZIONE$v21 686 $aHD 30.22$c$2C 696 $aImprese$aEconomia reale$aAttività economiche$aAspetti economici 699 $aAziende$yImprese 699 $aEconomia$yEconomia reale 699 $aEconomia$zAttività economiche 699 $aEconomia$zAspetti economici 700 1$aZanetti$b, Giovanni$f <1937- >$3CFIV037324$4070$010079 801 3$aIT$bIT-000000$c20001121 850 $aIT-BN0095 901 $bNAP 01$cPOZZO LIB.$nVi sono collocati fondi di economia, periodici di ingegneria e scienze, periodici di economia e statistica e altri fondi comprendenti documenti di economia pervenuti in dono. 912 $aTO00588668 950 0$aBiblioteca Centralizzata di Ateneo$c1 v.$d 01POZZO LIB.ECON MON 7$e 0101 0000024915E VMA 1 v. (Precedente collocazione: sez. DASES B 607)$fB $h20081009$i20081009 977 $a 01 996 $aEconomia per la gestione d'impresa$968147 997 $aUNISANNIO